000 00647nam a2200181Ia 4500
008 100917s9999 xx 000 0 und d
082 _b37431
100 _aआपटे ह. ना.
245 _aसंसारात पडण्यापूर्वी (आ. 7)
260 _bसौ. सरस्वतीबाई आपटे
_c1960
300 _a127
365 _b2.5
520 _aकादंबरी
630 _aसंसारात पडण्यापूर्वी (आ. 7)
650 _aकादंबरी
730 _aसंसारात पडण्यापूर्वी (आ. 7)
942 _cBOOK
999 _c642825
_d642822